| 000 | 00710nam a2200241Ia 4500 | ||
|---|---|---|---|
| 003 | OSt | ||
| 005 | 20221007065406.0 | ||
| 006 | a|||||r|||| 00| 0 | ||
| 007 | ta | ||
| 008 | 221006b |||||||| |||| 00| 0 eng d | ||
| 024 | _a32,119 | ||
| 037 | _cTextual | ||
| 040 |
_aFLL _cFLL _beng |
||
| 041 |
_2eng _aeng |
||
| 082 | _aZ,5, P7 | ||
| 100 |
_aHenham Ralaph Ed. _9686936 |
||
| 245 | 0 | _aCriminal law of genocide international, comparative and contextual aspects | |
| 260 |
_aEngland _bAshgate Publishing Limited England _c2007 |
||
| 300 |
_axvi,283p _ccm. |
||
| 700 |
_a Behrens Paul _9686937 |
||
| 942 |
_hZ,5, P7 _cTEXL _2CC |
||
| 999 |
_c1137170 _d1137170 |
||